| 000 | 00579nam a2200193 a 4500 | ||
|---|---|---|---|
| 005 | 20140310183558.0 | ||
| 008 | 111119s19uu xx 00 eng d | ||
| 020 | _a9780321646866 | ||
| 050 |
_aQA 76.76 _b.F296 2010 |
||
| 100 | _aFehily, Chris | ||
| 245 |
_aMicrosoft windows 7 : _bvisual quickstart guide / _cChris Fehily. |
||
| 260 |
_aBerkeley, CA : _bPeachpit Press, _c2009. |
||
| 300 |
_a559 p. : _bill. ; _c24 cm. |
||
| 521 | _aIT | ||
| 650 | _aMicrosoft Windows ( Computer files) | ||
| 650 | _aOperating systems (Computers) | ||
| 942 |
_cBK _2lcc _kFOR |
||
| 999 |
_c25061 _d25061 |
||